000
00204 a2200097 4500
001
14920
100
_a
Toynbel AJ
245
_a
Between Niger & Nile
260
_a
London
_b
O U P
_c
090
_c
11687
_d
11687
942
_a
NUST-CAE
_c
M
_c
1877
999
_c
249993
_d
249993